Länder, die Kirgisistan am nächsten liegen - Statistiken

Allgemein
  • Dieses Quiz wurde 115 mal gespielt
  • Das Durchschnittsergebnis liegt bei 17 aus 20
Antwortstatistiken
km Land % Korrekt
0 China
99%
0 Usbekistan
99%
101 Afghanistan
98%
525 Indien
98%
0 Kasachstan
98%
886 Russland
98%
0 Tadschikistan
98%
290 Turkmenistan
95%
262 Pakistan
94%
920 Mongolei
93%
1606 Aserbaidschan
92%
1937 Armenien
91%
1906 Georgien
91%
787 Iran
91%
1197 Nepal
89%
1764 Bhutan
88%
2058 Irak
88%
1871 Bangladesch
76%
1937 Vereinigte Arabische Emirate
32%
1890 Oman
31%
Keine übereinstimmenden Quizze gefunden
Verteilung der Resultate
Anzahl Personen mit jedem Resultat
Perzentil nach korrekt beantworteten Fragen
Ihre Resultats-Entwicklung
Sie haben dieses Quiz noch nicht gespielt